Die Einführung der englischen Landwirtschaft in Schlesien durch den Minister Schlabrendorff (1764-1769)

Titel: Die Einführung der englischen Landwirtschaft in Schlesien durch den Minister Schlabrendorff (1764-1769)
Verfasser:
In: Verein für Geschichte Schlesiens: Zeitschrift des Vereins für Geschichte Schlesiens, Band 54 (1920), Seite 17-62
alle Artikel anzeigen
Veröffentlicht: 1920
Format: Aufsatz
Sprache: Deutsch
Schlagworte:
Kein Bild verfügbar
X
alg: 39177610
001A    $01999:11-11-16 
001B    $03025:01-10-25 $t11:58:50.000 
001C    $06050:19-11-16 $t08:45:17.000 
001D    $01999:11-11-16 
001U    $0utf8 
001X    $00 
002@    $0Aox 
003@    $039177610X 
007A    $039177610X $aHEB 
007T    $0Herda03242 
010@    $ager 
011@    $a1920 
021A    $aDie @Einführung der englischen Landwirtschaft in Schlesien durch den Minister Schlabrendorff (1764-1769) 
028A    $#Wutke, Conrad $#Wutke, C. $#Wutke, K. $7117347329 $8Wutke, Konrad$Z1861-1951 [Tp1] $9151149488 
031A    $d54 $h17-62 $j1920 
039B    $aIn $8--Abvc--Verein für Geschichte Schlesiens [Tb1]. Zeitschrift des Vereins für Geschichte Schlesiens. - Breslau : Trewendt & Garnier, 1906-1943 $x192000000540000983 $9047252138 
044K    $#Schlabrendorff, Ernst W. von $#Schlabrendorf, Ernst Wilhelm von $7124127088 $8Schlabrendorff, Ernst Wilhelm$cvon$Z1719-1769 [Tp1] $9107664305 
045F    $a630.94385 $eDDC23BSB 
045F/01 $a630.9 
045F/03 $g4385 
045T    $a9,10 

lok: 39177610 78

exp: 39177610 78 1 #EPN
201B/01 $019-04-17 $t10:23:09.000 
201U/01 $0utf8 
203@/01 $0787871052 
208@/01 $a11-11-16 $be 
209A/01 $a/ $f000 $x00 
220C/01 $aTitelaufnehmer: cs 
244Z/01 $2Trx $#Silesia $#Śląsk $#Sliezsko $#Slezsko $8--Trx--Schlesien $x01 $9391173987 
244Z/01 $2Trx $#Anglia $8--Trx--England $x02 $9391152327 
244Z/01 $aGeschichte 1764-1769 $x03 
244Z/01 $2Trx $8--Trx--Schlabrendorff, Ernst Wilhelm von$Z1719-1769 $x04 $9390884537 
244Z/01 $2Trx $#agraarpoliitika $#agrarinė politika $#Agrarian policies $#agrárpolitika $#polityka agrarna $#politika poľnohospodárska $#politika zemědělská $#Landwirtschaftspolitik $8--Trx--Agrarpolitik $x05 $9391362933 
244Z/01 $2Trx $#poliitikud $#politikai $#politicians $#politikus $#politycy $#politici $#politici $#Staatsmänner $#štátnici $#státníci $8--Trx--Politiker $x06 $9391382128 
244Z/01 $2Trx $8--Trx--Zeitschriftenaufsatz $x07 $9391384341 
245Z/01 $a09.03 $x01 
247C/01 $82080>Marburg/Lahn, Herder-Institut, Forschungsbibliothek, Bibliographieportal $9336309341
LEADER 00000caa a22000002c 4500
001 39177610X
003 DE-603
005 20251001115850.0
007 tu
008 161111s1920 xx |||| | u00||u|ger c
035 |a (DE-599)HEB39177610X 
040 |a DE-603  |b ger  |c DE-603  |d DE-603 
041 |a ger 
082 0 4 |8 1\u  |a 630.94385  |q DE-101  |2 23/BSB 
084 |a 9,10  |2 ssgn 
085 |8 1\u  |b 630.9 
085 |8 1\u  |z 2  |s 4385 
100 1 |a Wutke, Konrad  |d 1861-1951  |0 (DE-603)151149488  |0 (DE-588)117347329  |2 gnd 
245 0 0 |a ˜Dieœ Einführung der englischen Landwirtschaft in Schlesien durch den Minister Schlabrendorff (1764-1769) 
264 0 |c 1920 
600 1 7 |a Schlabrendorff, Ernst Wilhelm von  |d 1719-1769  |0 (DE-588)124127088  |0 (DE-603)107664305  |2 gnd 
773 0 8 |i In  |a Verein für Geschichte Schlesiens  |t Zeitschrift des Vereins für Geschichte Schlesiens  |d Breslau : Trewendt & Garnier, 1906-1943  |g Band 54 (1920), Seite 17-62  |w (DE-603)047252138  |w (DE-600)200433-1 
924 0 |9 2080  |a (DE-603)787871052  |b DE-2080  |c HES  |d d  |g /